|
|
|
|
| LEADER |
01184nam a22003377a 4500 |
| 001 |
35321 |
| 003 |
BD-DhAAL |
| 005 |
20190909105941.0 |
| 008 |
190909t1998 ilua 001 0 eng d |
| 999 |
|
|
|c 41165
|d 41165
|
| 010 |
|
|
|a 98232398
|
| 020 |
|
|
|a 053867122X
|
| 020 |
|
|
|a 9780538671224
|
| 040 |
|
|
|a BD-DhAAL
|
| 050 |
0 |
0 |
|a QA445
|b .L37 1998
|
| 082 |
0 |
0 |
|a 516
|2 21
|
| 245 |
1 |
0 |
|a Geometry :
|b an integrated approach /
|c Robert K Gerver ... [et al]
|
| 260 |
|
|
|a Illinois :
|b National Textbook Company,
|c c1998
|
| 300 |
|
|
|a v, 861 pages :
|b illustrations ;
|c 26 cm
|
| 500 |
|
|
|a Includes index.
|
| 526 |
|
|
|a BIED
|
| 541 |
|
|
|a Complimentary copy from BIED
|e 35321
|
| 650 |
|
0 |
|a Geometry.
|9 34255
|
| 700 |
|
|
|a Gerver, Robert K.
|9 34256
|
| 700 |
|
|
|a Sgroi, Richard
|9 34257
|
| 700 |
|
|
|a Lynch, Chicha
|9 34258
|
| 700 |
|
|
|a Hansen, Mary
|9 34259
|
| 700 |
|
|
|a Molina, David
|9 34260
|
| 852 |
|
|
|a Ayesha Abed Library
|c General Stacks
|
| 942 |
|
|
|2 ddc
|c BK
|
| 952 |
|
|
|0 0
|1 0
|2 ddc
|4 0
|6 516_000000000000000_GEO
|7 0
|9 66197
|a BRACUL
|b BRACUL
|c GEN
|d 2019-09-09
|e Complimentary copy from BIED
|l 1
|m 1
|o 516 GEO
|p 3010035321
|r 2020-03-10
|s 2020-03-01
|t 1
|w 2019-09-09
|y BK
|x Transferred from BIED to General Stacks
|